00949nam a2200217 i 4500001000300000245018600003260003200189300002600221490007800247650002900325650003300354655002900387700003600416830007800452020001500530040000800545041000800553080003100561008004100592856009800633bg00aNeutralność światopoglądowa państwa :bseminarium - "Neutralność światopoglądowa państwa", Kraków 25 kwietnia 1998 /cpraca pod red. Ewy Nowickiej-Włodarczyk. aKraków :bF"MCRD",c1998. a80, [16] s. ;c21 cm.1 aZeszyty / Fundacja "Międzynarodowe Centrum Rozwoju Demokracji" ;vz. 27 9aKościół a państwo 9aŚwiatopoglądxsocjologia aMateriały konferencyjne1 aNOWICKA-WŁODARCZYK, Ewa.eRed. 0aZeszyty (Fundacja "Międzynarodowe Centrum Rozwoju Demokracji") ;vz. 27 a8390781379 cBPK apol a322:321:140.8:316.64](061) s pl f |000 0 pol  uhttp://koha.tu.koszalin.pl/cgi-bin/koha/opac-detail.pl?biblionumber=39172yKatalog online BPK